NFL Teams Scramble - Statistics

General Stats
  • This quiz has been taken 69 times
  • The average score is 15 of 16
Answer Stats
Hint Answer % Correct
sraeb bears
100%
nexats texans
100%
vngiiks vikings
100%
cafolns falcons
98%
bnowsr browns
96%
iodplshn dolphins
96%
cakeprs packers
95%
arms rams
95%
vaenrs ravens
95%
ilsbl bills
93%
scotl colts
93%
tangis giants
89%
fiches chiefs
87%
stitarop patriots
84%
airesdr raiders
84%
wcysoob cowboys
82%
No matching quizzes found
Score Distribution
Percent of People with Each Score
Percentile by Number Answered
Your Score History
You have not taken this quiz